Heat Wave Lyrics - Linda Ronstadt - Statistics

General Stats
  • This quiz has been taken 3 times
  • The average score is 165 of 239
Answer Stats
Answer % Correct
a
100%
And
100%
and
100%
be
100%
be?
100%
burning
100%
Burning
100%
(burning,
100%
burning)
100%
burning,
100%
Can't
100%
can't
100%
do
100%
(don't
100%
don't
100%
Don't
100%
feel,
100%
feel
100%
got
100%
he
100%
heart
100%
heat
100%
(heat
100%
(Heat
100%
Heat
100%
I
100%
I'm
100%
in
100%
is
100%
it
100%
it)
100%
It's
100%
it's
100%
like
100%
love's
100%
me
100%
my
100%
My
100%
oh,
100%
oh
100%
oh)
100%
Or
100%
supposed
100%
that
100%
the
100%
this
100%
This
100%
to
100%
wave
100%
wave)
100%
way
100%
what
100%
yeah,
100%
yeah
100%
Yeah,
100%
all
50%
apart
50%
before
50%
devil
50%
ever
50%
feeling
50%
felt
50%
flame
50%
head's
50%
him
50%
hold
50%
inside
50%
into
50%
know
50%
Now
50%
on
50%
over
50%
tearing
50%
up
50%
Well,
50%
Whenever
50%
with
50%
amazed
0%
blood
0%
calls
0%
chance
0%
Could
0%
crying
0%
desire
0%
explain
0%
face
0%
(face,
0%
face,
0%
face)
0%
filled
0%
from
0%
funny
0%
hadn't
0%
Has
0%
has
0%
haze
0%
high
0%
keep
0%
low,
0%
name
0%
(ooh-
0%
ooh-
0%
ooh)
0%
Ooh-
0%
ooh
0%
pass
0%
plain
0%
pressure
0%
romance
0%
Soft,
0%
Something
0%
Sometimes
0%
space
0%
stare
0%
Starts
0%
sweet,
0%
Tears
0%
time
0%
true
0%
understand
0%
No matching quizzes found
Score Distribution
Percent of People with Each Score
Percentile by Number Answered
Your Score History
You have not taken this quiz